| 000 | 00868nam a2200217 4500 | ||
|---|---|---|---|
| 001 | 148577 | ||
| 003 | ES-MaACL | ||
| 005 | 20250918195221.0 | ||
| 007 | t| | ||
| 008 | 070214s1908 fr r ||||1| fre d | ||
| 100 | 0 |
_aStendhal, _d1783-1842 _9108086 |
|
| 245 | 1 | 0 |
_aCorrespondance _b: (1800-1842) / _cStendhal ; publié par Adolphe Paupe, P. A. Cheramy ; preface Maurice Barrès. |
| 260 |
_aParis : _bCahrles Bosse, _c1908. |
||
| 300 |
_a3 v. ; _c25 cm. |
||
| 505 | 8 | _aContiene: Vol. i. Années d'apprentinage (1800-1806) ; Vie active (1806-1814). Vol. II. L'homme du monde et le dilettante (1815-1830). Vol. III. Le fonctionnaire et le romancier (1830-1842) | |
| 700 | 1 |
_aPaupe, Adolphe. _989666 |
|
| 700 | 1 |
_aCheramy, P. A. _938352 |
|
| 700 | 1 |
_aBarrès, Maurice, _d1862-1923 _925947 |
|
| 852 |
_aES-MaACL _jF-8238-40 |
||
| 999 |
_c148577 _d148577 |
||